Statistics for WWE Smackdown - 1999: Wrestlers by Year

Click here to take the quiz!

General Stats

  • This quiz has been taken 78 times
  • The average score is 36 of 64

Answer Stats

Date of First MatchWrestler% Correct
August 26The Rock
95%
August 26Triple H
95%
October 21Stone Cold Steve Austin
90%
September 2Edge
89%
August 26Kane
89%
August 26Shane McMahon
87%
August 26The Undertaker
87%
September 16Vince McMahon
87%
September 2Christian
85%
September 2Jeff Hardy
85%
September 2Matt Hardy
85%
August 26The Big Show
85%
September 9Bubba Ray Dudley
81%
September 30D-Von Dudley
81%
August 26Mankind
79%
August 26Billy Gunn
77%
August 26Chris Jericho
76%
August 26X-Pac
76%
August 26Road Dogg
74%
August 26Faarooq
69%
September 2Chyna
68%
November 18Kurt Angle
68%
November 25Rikishi
68%
September 16Test
68%
September 2Val Venis
68%
August 26Bradshaw
66%
September 30D'Lo Brown
61%
October 14The Godfather
61%
September 2Crash Holly
60%
September 2Hardcore Holly
60%
September 2Ken Shamrock
60%
November 18Gangrel
58%
August 26The Big Boss Man
58%
August 26Ivory
56%
September 2Prince Albert
56%
October 28Scotty 2 Hotty
56%
September 2Viscera
56%
September 16Mark Henry
55%
October 28Grandmaster Sexay
52%
September 16Steve Blackman
52%
August 26Al Snow
50%
August 26Jeff Jarrett
50%
September 2Mideon
47%
October 7Miss Kitty
47%
September 9The British Bulldog
47%
November 25Jacqueline
42%
September 2Stevie Richards
42%
August 26Tori
42%
December 2Mosh
31%
September 2Droz
29%
October 21Mae Young
29%
September 16Joey Abs
27%
December 2Thrasher
27%
October 21Rodney
26%
October 21The Fabulous Moolah
26%
September 2The Blue Meanie
24%
September 2Gillberg
21%
December 16Pat Patterson
21%
December 16Gerald Brisco
19%
November 18Luna Vachon
16%
October 21Pete Gas
13%
October 14Curtis Hughes
10%
September 2Howard Finkel
6%
September 2Tony Chimel
5%

Score Distribution

Percentile by Number Answered

Percent of People with Each Score

Your Score History

You have not taken this quiz